000 00541nam a22001937a 4500
003 OSt
005 20140310182939.0
008 130202t xxu||||| |||| 00| 0 eng d
050 _aPL 5536
_b.R175 1997
082 _aFIL 808.0668
_bR23 1997
245 _aReading and writing the essay
_bincluding the biography and related forms
_cRamos, Maximo D.
260 _aManila
_bAlemar
_cc1997
300 _a213 p.
_c25.4 cm.
521 _acollege students
526 _c1210L-1700L
541 _j1
562 _e1
942 _2lcc
_cBK
_kFIL
999 _c17683
_d17683